| 000 | 00365nam a2200157Ia 4500 | ||
|---|---|---|---|
| 008 | 230312s9999||||xx |||||||||||||| ||und|| | ||
| 020 | _a0-07-243718-9 | ||
| 082 |
_a570 _bLEW-L |
||
| 100 | _aLewis Ricki | ||
| 245 | 0 | _aLife | |
| 260 |
_bMcGraw Hill _aBoston _c2004 |
||
| 300 | _a981 | ||
| 546 | _aEng. | ||
| 650 |
_aEngineering _vFrom Atoms To Cells , |
||
| 942 | _cBK | ||
| 999 |
_c1801 _d1801 |
||